Statistics for Random African Cities on the Map

Click here to take the quiz!

General Stats

  • This quiz has been taken 204 times
  • The average score is 12 of 15

Answers on the Map

Answers color-coded by a green-red scale on the quiz's map according to % correct below.
 

Answer Stats

Cities% Correct
Abidjan
100%
Accra
100%
Addis Ababa
100%
Algiers
100%
Antananarivo
100%
Asmara
100%
Bamako
100%
Bloemfontein
100%
Cairo
100%
Cape Town
100%
Dakar
100%
Djibouti
100%
Freetown
100%
Gaborone
100%
Juba
100%
Kampala
100%
Kinshasa
100%
Lagos
100%
Marrakesh
100%
Mogadishu
100%
Oran
100%
Ouagadougou
100%
Port Elizabeth
100%
São Tomé
100%
Tripoli
100%
Tunis
100%
Yamoussoukro
100%
Alexandria
91%
Dodoma
90%
Fez
90%
Luanda
90%
Lusaka
90%
Khartoum
89%
Casablanca
88%
Dar es Salaam
88%
Douala
88%
Yaounde
88%
Abuja
86%
Harare
86%
Johannesburg
86%
Luxor
83%
Maputo
83%
Nairobi
83%
N'Djamena
83%
Port Louis
83%
Timbuktu
83%
Monrovia
80%
Praia
80%
Windhoek
78%
Bangui
75%
Benin City
75%
Mombasa
75%
Libreville
73%
Benghazi
71%
Port Harcourt
71%
Lilongwe
70%
Aswan
67%
Kano
67%
Nouakchott
67%
Port Sudan
67%
Tangier
67%
Bissau
63%
Las Palmas
57%
Victoria
56%
Kigali
50%
Sfax
50%
Durban
43%
Niamey
43%
Blantyre
33%
Lubumbashi
33%
Tamale
33%
Kumasi
20%
Hargeisa
8%

Score Distribution

Percentile by Number Answered

Percent of People with Each Score

Your Score History

You have not taken this quiz